[Event "OLNN 1718 Johanneum Eppend - Lübecker S"]
[Site "?"]
[Date "2017.10.23"]
[Round "2.3"]
[White "Kololli, Martin"]
[Black "Behrhorst, Frank"]
[Result "1/2-1/2"]
[WhiteElo "2299"]
[BlackElo "2255"]
[PlyCount "89"]
[EventDate "2017.??.??"]

1. e4 Nf6 2. e5 Nd5 3. d4 d6 4. Nf3 Nb6 5. Bd3 g6 6. O-O Bg7 7. Re1 O-O 8. c3
Nc6 9. exd6 cxd6 10. Nbd2 e5 11. Nb3 f5 12. dxe5 dxe5 13. Be3 e4 14. Bxb6 Qxb6
15. Bc4+ Kh8 16. Ng5 Ne5 17. Bf1 h6 18. Nh3 Be6 19. Nd4 Bf7 20. Qd2 Rfd8 21.
Qc2 Rac8 22. Nb3 Qc7 23. Rad1 Ng4 24. g3 Rxd1 25. Rxd1 Ne5 26. Nd4 a6 27. Be2
Qa5 28. a3 Qb6 29. Qc1 Bc4 30. Bxc4 Nxc4 31. b3 Ne5 32. Nf4 Kh7 33. Nd5 Qd6 34.
Nf4 Nd3 35. Nxd3 exd3 36. Rxd3 Bxd4 37. Qd1 Bxf2+ 38. Kxf2 Qb6+ 39. Kf1 Qc6 40.
Rd7+ Kg8 41. Qd4 Qh1+ 42. Kf2 Qxh2+ 43. Kf3 Qh5+ 44. Kf2 Qh2+ 45. Kf3 1/2-1/2

[Event "OLNN 1718 Johanneum Eppend - Lübecker S"]
[Site "?"]
[Date "2017.10.23"]
[Round "2.4"]
[White "Wenzel, Birger"]
[Black "Schmidt, Harald"]
[Result "0-1"]
[WhiteElo "2156"]
[BlackElo "2357"]
[PlyCount "102"]
[EventDate "2017.??.??"]

1. d4 d6 2. e4 Nf6 3. Nc3 Nbd7 4. Nf3 e5 5. Bc4 Be7 6. O-O O-O 7. h3 c6 8. a4
a5 9. Re1 h6 10. Ba2 Qc7 11. Be3 Re8 12. Qd2 Nf8 13. d5 Bd7 14. Qd3 Ng6 15. Nd2
c5 16. Bc4 Nh5 17. Bb5 Bg5 18. Nc4 Re7 19. Bxd7 Rxd7 20. Nb5 Qd8 21. g3 Ra6 22.
Kf1 Qf6 23. Kg2 Ne7 24. h4 Bxe3 25. Nxe3 Qg6 26. Kh2 Ra8 27. Nf5 Nxf5 28. exf5
Qf6 29. Nc3 g6 30. fxg6 Qxf2+ 31. Kh3 c4 32. Qe3 Qf5+ 33. Kh2 Qxg6 34. Re2 f5
35. Rg1 Rg7 36. Reg2 Nf6 37. Qb6 Kh8 38. Qb5 Qg4 39. Nd1 Rag8 40. Nf2 Qd4 41.
Rd1 Rxg3 42. Rxd4 Rxg2+ 43. Kh1 Rg1+ 44. Kh2 exd4 45. Qxc4 R1g2+ 46. Kh1 Rxf2
47. Qxd4 Rf1+ 48. Kh2 Kg7 49. Kg2 Re1 50. Qc3 Kf7+ 51. Kf2 Ne4+ 0-1

[Event "OLNN 1718 Johanneum Eppend - Lübecker S"]
[Site "?"]
[Date "2017.10.23"]
[Round "2.5"]
[White "Lampe, Dirk"]
[Black "Schueler, Hendrik"]
[Result "1-0"]
[WhiteElo "2207"]
[BlackElo "2145"]
[PlyCount "65"]
[EventDate "2017.??.??"]

1. e4 e6 2. d4 d5 3. Nc3 Bb4 4. e5 c5 5. a3 Bxc3+ 6. bxc3 Ne7 7. Nf3 Bd7 8. a4
Qa5 9. Bd2 Nbc6 10. Bb5 Qc7 11. O-O c4 12. Re1 O-O-O 13. Bc1 f5 14. Ng5 Rdf8
15. Ba3 Kd8 16. Qh5 g6 17. Qh6 f4 18. Bxc6 Nf5 19. Qh3 Qxc6 20. Bxf8 Rxf8 21.
Qxh7 Be8 22. Reb1 Kc8 23. a5 Kb8 24. Rb4 Qd7 25. Rab1 Qxh7 26. Nxh7 Rf7 27. Ng5
Re7 28. Nxe6 Rxe6 29. Rxb7+ Kc8 30. Rb8+ Kc7 31. R1b7+ Kc6 32. Rxa7 Nd6 33.
Rb6# 1-0

[Event "OLNN 1718 Johanneum Eppend - Lübecker S"]
[Site "?"]
[Date "2017.10.23"]
[Round "2.6"]
[White "Ahmels, Volker"]
[Black "Poghosyan, Tigran"]
[Result "1/2-1/2"]
[WhiteElo "2211"]
[BlackElo "2156"]
[PlyCount "104"]
[EventDate "2017.??.??"]

1. e4 c5 2. Nf3 d6 3. Bb5+ Nd7 4. d4 cxd4 5. Qxd4 a6 6. Ba4 e5 7. Qd1 Ngf6 8.
Nc3 h6 9. Bb3 Be7 10. Be3 O-O 11. Nh4 Nxe4 12. Nxe4 Bxh4 13. Nxd6 Qa5+ 14. c3
Nf6 15. Nc4 Qb5 16. a4 Qc6 17. Nxe5 Qxg2 18. Qf3 Bxf2+ 19. Bxf2 Qg5 20. Qe3 Qh5
21. O-O Bh3 22. Bg3 Bxf1 23. Rxf1 Rae8 24. Qf4 Qe2 25. Nc4 Ng4 26. Qf3 Qxf3 27.
Rxf3 Re2 28. Bd1 Re6 29. Rd3 Nf6 30. Bb3 Re2 31. Rd2 Rfe8 32. Rxe2 Rxe2 33. Kf1
Re7 34. Nd6 Nh5 35. Bf2 Rd7 36. Bc5 Nf4 37. a5 Nd3 38. Ba3 Ne5 39. Bd5 Nc6 40.
Bxc6 bxc6 41. Bc5 Kh7 42. b4 Kg6 43. c4 Kf6 44. b5 cxb5 45. cxb5 axb5 46. a6
Ke6 47. a7 Rd8 48. Nxb5 Kd7 49. Bb6 Ra8 50. Nc7 Rxa7 51. Bxa7 Kxc7 52. Bd4 g6
1/2-1/2

[Event "OLNN 1718 Johanneum Eppend - Lübecker S"]
[Site "?"]
[Date "2017.10.23"]
[Round "2.7"]
[White "Ehrke, Michael"]
[Black "Wirthgen, Peter"]
[Result "1-0"]
[WhiteElo "2176"]
[BlackElo "2090"]
[PlyCount "107"]
[EventDate "2017.??.??"]

1. d4 d5 2. Bf4 Nf6 3. e3 e6 4. Nd2 c5 5. c3 Nc6 6. Ngf3 Bd6 7. Bg3 O-O 8. Bd3
b6 9. Ne5 Bb7 10. f4 Ne7 11. Qf3 a5 12. O-O Ba6 13. Bxa6 Rxa6 14. Bh4 Ne8 15.
e4 f6 16. Nd3 Ng6 17. Qh3 Nxh4 18. Qxh4 Nc7 19. exd5 exd5 20. f5 Qd7 21. Rae1
Raa8 22. Nf4 Bxf4 23. Qxf4 Rfe8 24. dxc5 bxc5 25. Qf2 d4 26. cxd4 cxd4 27. Nf3
d3 28. Qc5 a4 29. Rd1 Rad8 30. Ne1 d2 31. Nf3 Qe7 32. Qxe7 Rxe7 33. Rxd2 Rxd2
34. Nxd2 Re2 35. Rd1 Nd5 36. Nc4 Nf4 37. Rd2 Re1+ 38. Kf2 Rc1 39. Ne3 Rb1 40.
Kf3 g5 41. g3 Nh5 42. Nd5 Kf7 43. Rc2 Rf1+ 44. Kg4 Ng7 45. Rc7+ Kf8 46. Nxf6
h5+ 47. Nxh5 Nxh5 48. Kxh5 Rxf5 49. Ra7 Rf2 50. h3 Rxb2 51. Rxa4 Rh2 52. Kg4
Kg7 53. Ra5 Kh6 54. a4 1-0

[Event "OLNN 1718 Johanneum Eppend - Lübecker S"]
[Site "?"]
[Date "2017.10.23"]
[Round "2.8"]
[White "Killgus, Leonard"]
[Black "Frohberg, Marco"]
[Result "1/2-1/2"]
[WhiteElo "1941"]
[BlackElo "2171"]
[PlyCount "85"]
[EventDate "2017.??.??"]

1. e4 d5 2. exd5 Nf6 3. d4 Bg4 4. Be2 Bxe2 5. Qxe2 Qxd5 6. Nf3 e6 7. O-O Nc6 8.
Rd1 O-O-O 9. Be3 Rg8 10. Nbd2 Qh5 11. Nc4 g5 12. Qe1 Bd6 13. Nfe5 Ng4 14. Nxg4
Qxg4 15. Nxd6+ Rxd6 16. f3 Qf5 17. Qf2 g4 18. fxg4 Qxg4 19. Rd2 Qe4 20. c3 Rd5
21. Qf4 Qg6 22. Qh6 Qxh6 23. Bxh6 Ne7 24. Re1 Nf5 25. Bf4 h5 26. Kf2 Rg4 27. g3
Ne7 28. Re5 Rxe5 29. Bxe5 Rg5 30. Kg2 Rg8 31. Rf2 f5 32. Kf3 Ng6 33. Re2 Kd7
34. c4 c6 35. Bf6 Rf8 36. Bg5 b5 37. Bf4 bxc4 38. Rc2 Nxf4 39. Kxf4 Rg8 40. h3
Kd6 41. Rxc4 Kd5 42. b3 Rg7 43. Ra4 1/2-1/2

[Event "OLNN 1718 SC Diogenes - SK Marmstorf"]
[Site "?"]
[Date "2017.10.23"]
[Round "2.2"]
[White "Korba, Roman"]
[Black "Hawellek, Jeronimo"]
[Result "1/2-1/2"]
[WhiteElo "2174"]
[BlackElo "2301"]
[PlyCount "30"]
[EventDate "2017.??.??"]

1. d4 f5 2. g3 Nf6 3. Bg2 e6 4. b3 d5 5. Nh3 c6 6. O-O Bd6 7. Ba3 Bxa3 8. Nxa3
Qe7 9. Qc1 O-O 10. c4 Nbd7 11. Qb2 b6 12. Rac1 Bb7 13. Nf4 Ne4 14. e3 Rad8 15.
Rfd1 g5 1/2-1/2

[Event "OLNN 1718 SC Diogenes - SK Marmstorf"]
[Site "?"]
[Date "2017.10.23"]
[Round "2.3"]
[White "Mueller, Tobias"]
[Black "Schulenburg, Torben"]
[Result "0-1"]
[WhiteElo "2148"]
[BlackElo "2155"]
[PlyCount "82"]
[EventDate "2017.??.??"]

1. e4 e6 2. d4 d5 3. Bd3 Nc6 4. c3 e5 5. Nf3 exd4 6. exd5 Qxd5 7. Qe2+ Qe6 8.
Nxd4 Nxd4 9. cxd4 Nf6 10. O-O Qxe2 11. Bxe2 Be6 12. Nc3 c6 13. Bf3 Rd8 14. Be3
Be7 15. Rab1 O-O 16. b4 Nd5 17. Nxd5 Bxd5 18. Bxd5 Rxd5 19. Rfc1 Rfd8 20. b5
cxb5 21. Rc7 R8d7 22. Rxd7 Rxd7 23. Rxb5 Bf6 24. Kf1 g6 25. Rb4 a6 26. Ke2 b5
27. Kd3 Kf8 28. Rb2 Rc7 29. a4 Rb7 30. axb5 axb5 31. Re2 Re7 32. Ra2 Rb7 33.
Re2 Re7 34. Rc2 Rb7 35. Rc6 Be7 36. d5 Ke8 37. Bb6 Kd7 38. Kd4 b4 39. Kc4 b3
40. Bd4 b2 41. Bxb2 Rxb2 0-1

[Event "OLNN 1718 SC Diogenes - SK Marmstorf"]
[Site "?"]
[Date "2017.10.23"]
[Round "2.4"]
[White "Stephan, Axel"]
[Black "Ramme, Christoph"]
[Result "1-0"]
[WhiteElo "2198"]
[BlackElo "2164"]
[PlyCount "101"]
[EventDate "2017.??.??"]

1. e4 e5 2. Nf3 Nc6 3. Bb5 Nf6 4. O-O Nxe4 5. d4 Nd6 6. Bxc6 dxc6 7. dxe5 Nf5
8. Qxd8+ Kxd8 9. b3 Be7 10. Ba3 h5 11. c4 Bxa3 12. Nxa3 Be6 13. Rad1+ Ke7 14.
Rd2 Rhd8 15. Rfd1 Rxd2 16. Rxd2 a5 17. Kf1 b6 18. Ke2 Bd7 19. Nb1 c5 20. Nc3
Bc6 21. Nd5+ Bxd5 22. cxd5 a4 23. Kd3 f6 24. Re2 Kf7 25. Ke4 g6 26. Kd3 fxe5
27. Nxe5+ Kg7 28. Nc6 axb3 29. axb3 Rf8 30. g3 Rf7 31. Re5 Rf8 32. Ke2 Rf7 33.
h3 Rf8 34. Re6 Rf6 35. Re5 Rf8 36. Kd3 h4 37. g4 Nd6 38. Ke2 Re8 39. f4 Kf6 40.
Ke3 Kg7 41. Kd3 Kf6 42. g5+ Kf7 43. Rxe8 Nxe8 44. Ne5+ Kg7 45. Nf3 Nd6 46. Nxh4
b5 47. Nf3 c4+ 48. bxc4 Nxc4 49. Nd4 Nb6 50. Ne6+ Kf7 51. Nxc7 1-0

[Event "OLNN 1718 SC Diogenes - SK Marmstorf"]
[Site "?"]
[Date "2017.10.23"]
[Round "2.5"]
[White "Mueller, Jan Hendrik"]
[Black "Gottuk, Stefan"]
[Result "1-0"]
[WhiteElo "2097"]
[BlackElo "2197"]
[PlyCount "63"]
[EventDate "2017.??.??"]

1. e4 e6 2. d4 d5 3. Nd2 Nf6 4. e5 Nfd7 5. Bd3 c5 6. c3 Nc6 7. Ne2 cxd4 8. cxd4
f6 9. exf6 Nxf6 10. Nf3 Bd6 11. O-O O-O 12. Re1 e5 13. dxe5 Nxe5 14. Nxe5 Bxe5
15. Bf4 Bxb2 16. Rb1 Ba3 17. Nc3 Bc5 18. Qc2 b6 19. Bg5 h6 20. Bh4 Qd7 21. Rbd1
Qg4 22. Bg3 Bd7 23. Nxd5 Ba4 24. Nxf6+ Rxf6 25. Bc4+ Kh8 26. Qxa4 Raf8 27. Rd2
a5 28. Re8 Bb4 29. Rdd8 Qxc4 30. Rxf8+ Kh7 31. Rxf6 Qc1+ 32. Rd1 1-0

[Event "OLNN 1718 SC Diogenes - SK Marmstorf"]
[Site "?"]
[Date "2017.10.23"]
[Round "2.6"]
[White "Laqua, Christian"]
[Black "Hohlbein, Michael"]
[Result "1-0"]
[WhiteElo "2112"]
[BlackElo "2085"]
[PlyCount "57"]
[EventDate "2017.??.??"]

1. g3 e5 2. Bg2 Nf6 3. d3 d5 4. Nf3 Nc6 5. O-O Bf5 6. c4 d4 7. b4 Bxb4 8. Nxe5
Nxe5 9. Qa4+ Nc6 10. Bxc6+ bxc6 11. Qxb4 Nd7 12. Nd2 c5 13. Qa5 O-O 14. Nb3 Bh3
15. Re1 Qf6 16. Qxc7 Rfe8 17. Qb7 Rab8 18. Qh1 Ne5 19. Bf4 g5 20. Bxe5 Rxe5 21.
Nd2 Rb2 22. Qa8+ Kg7 23. Ne4 Qf5 24. f3 Qg6 25. Rab1 Qb6 26. Rxb2 Qxb2 27. Qd8
Rxe4 28. Qxg5+ Kf8 29. fxe4 1-0

[Event "OLNN 1718 SC Diogenes - SK Marmstorf"]
[Site "?"]
[Date "2017.10.23"]
[Round "2.7"]
[White "Diekmann, Jens"]
[Black "Woelk, Tom-Frederic"]
[Result "1/2-1/2"]
[WhiteElo "2058"]
[BlackElo "2058"]
[PlyCount "60"]
[EventDate "2017.??.??"]

1. c4 Nf6 2. Nc3 g6 3. g3 Bg7 4. e4 d6 5. Bg2 c5 6. Nge2 Nc6 7. O-O O-O 8. d3
Rb8 9. h3 a6 10. a4 Nd4 11. Be3 Ne8 12. Rb1 Nxe2+ 13. Nxe2 b5 14. axb5 axb5 15.
b4 bxc4 16. bxc5 Rxb1 17. Qxb1 cxd3 18. Qxd3 Qa5 19. Rc1 Ba6 20. Qd1 dxc5 21.
Bxc5 Nd6 22. Nf4 Rc8 23. Bxd6 Rxc1 24. Qxc1 exd6 25. Nd5 Qa1 26. Qxa1 Bxa1 27.
Nc7 Bc4 28. Bf1 Be6 29. f4 Kf8 30. Kg2 Ke7 1/2-1/2

[Event "OLNN 1718 SC Diogenes - SK Marmstorf"]
[Site "?"]
[Date "2017.10.23"]
[Round "2.8"]
[White "Kilic, Oguz"]
[Black "Peschke, Matthias"]
[Result "1/2-1/2"]
[WhiteElo "2083"]
[BlackElo "1960"]
[PlyCount "81"]
[EventDate "2017.??.??"]

1. e4 Nf6 2. Nc3 d5 3. exd5 Nxd5 4. Bc4 c6 5. Nge2 Bg4 6. f3 Bf5 7. O-O e6 8.
Ne4 Be7 9. d4 Nd7 10. c3 O-O 11. N2g3 Bg6 12. Qe2 e5 13. dxe5 Nxe5 14. Bxd5
cxd5 15. Rd1 f5 16. Nf2 Bf6 17. Bf4 Re8 18. Bxe5 Rxe5 19. Qd2 f4 20. Qxf4 Qc7
21. Qd2 Bg5 22. Qd4 Be3 23. Qb4 Bc2 24. Re1 a5 25. Qh4 Qb6 26. Nf1 Qxb2 27.
Nxe3 Rxe3 28. Ng4 Re2 29. Rxe2 Qxa1+ 30. Kf2 Qxc3 31. Qe7 Bg6 32. Ne5 Re8 33.
Qxb7 Qc5+ 34. Kg3 Qd6 35. f4 Rb8 36. Qa7 Qb4 37. Qd7 a4 38. Qe6+ Kh8 39. Nxg6+
hxg6 40. Qxg6 Qc3+ 41. Kh4 1/2-1/2

[Event "OLNN 1718 SV Bargteheide - Hamburger SK"]
[Site "?"]
[Date "2017.10.23"]
[Round "2.1"]
[White "Gaede, Derek"]
[Black "Fries-Nielsen, Jens Ove"]
[Result "0-1"]
[WhiteElo "2325"]
[BlackElo "2314"]
[PlyCount "80"]
[EventDate "2017.??.??"]

1. d4 Nf6 2. Nf3 d6 3. c4 Nbd7 4. g3 e5 5. Bg2 Be7 6. Nc3 O-O 7. O-O c6 8. b3
e4 9. Nh4 d5 10. Nf5 Bb4 11. Bb2 Nb8 12. Ne3 Be6 13. f3 exf3 14. Rxf3 Nbd7 15.
Qd3 Re8 16. Raf1 Bxc3 17. Bxc3 Ne4 18. Bb2 Ndf6 19. Nf5 Qa5 20. Bc1 Bxf5 21.
Rxf5 Qxa2 22. cxd5 cxd5 23. Bxe4 Rxe4 24. Rxf6 gxf6 25. Qf3 Qa6 26. Bh6 Qe6 27.
e3 Rc8 28. Qh5 Rxe3 29. Bxe3 Qxe3+ 30. Kg2 Qe4+ 31. Kh3 Qe6+ 32. Rf5 Kh8 33.
Qf3 Rf8 34. g4 Kg7 35. Qf4 Re8 36. Kh4 Qe3 37. Qd6 Qxd4 38. Rxd5 Qf2+ 39. Kh5
Re5+ 40. Rxe5 Qxh2# 0-1

[Event "OLNN 1718 SV Bargteheide - Hamburger SK"]
[Site "?"]
[Date "2017.10.23"]
[Round "2.2"]
[White "Light, Bjarne"]
[Black "Bente, Bjoern"]
[Result "1/2-1/2"]
[WhiteElo "2225"]
[BlackElo "2272"]
[PlyCount "64"]
[EventDate "2017.??.??"]

1. c4 e6 2. Nf3 d5 3. e3 Nf6 4. Nc3 Be7 5. b3 c5 6. Bb2 Nc6 7. cxd5 exd5 8. d4
O-O 9. Be2 Bg4 10. O-O Bxf3 11. Bxf3 cxd4 12. exd4 Rc8 13. Re1 Qd7 14. Na4 b6
15. Nc3 Bd6 16. g3 Qf5 17. Nb5 Bb4 18. Re3 a6 19. Nc3 Rfe8 20. Qd3 Qxd3 21.
Rxd3 Nxd4 22. Rad1 Nxf3+ 23. Rxf3 Rcd8 24. Na4 Re6 25. Bxf6 gxf6 26. Nb2 Be7
27. Nd3 Bd6 28. Rf5 Be5 29. Kg2 a5 30. Ne1 Bc3 31. Nd3 Be5 32. Ne1 Bc3 1/2-1/2

[Event "OLNN 1718 SV Bargteheide - Hamburger SK"]
[Site "?"]
[Date "2017.10.23"]
[Round "2.3"]
[White "Lindinger, Markus"]
[Black "Wolter, Jens"]
[Result "1-0"]
[WhiteElo "2257"]
[BlackElo "2166"]
[PlyCount "85"]
[EventDate "2017.??.??"]

1. d4 d5 2. c4 e6 3. Nf3 Nf6 4. e3 Be7 5. b3 O-O 6. Bb2 dxc4 7. Bxc4 c5 8. O-O
Nc6 9. Qe2 cxd4 10. Nxd4 Nxd4 11. Bxd4 Nd7 12. Nd2 Bf6 13. Bxf6 Qxf6 14. Rfd1
Ne5 15. Ne4 Qg6 16. Nd6 Bd7 17. Bb5 b6 18. Rac1 Bxb5 19. Qxb5 Nf3+ 20. Kh1 Nh4
21. Qc6 Nf5 22. Nc8 Rb8 23. e4 Rbxc8 24. Qxc8 Nh4 25. Rg1 Qxe4 26. Qc4 Qxc4 27.
Rxc4 Ng6 28. Rd1 Ne5 29. Rc7 Ng4 30. Kg1 Nf6 31. Rxa7 Rc8 32. Rc7 Ra8 33. Rdc1
Kf8 34. Rc8+ Rxc8 35. Rxc8+ Ke7 36. Kf1 Nd5 37. Rb8 g6 38. Rb7+ Kd6 39. Rxf7
Nb4 40. a4 Kc5 41. Rc7+ Nc6 42. b4+ Kd6 43. Rb7 1-0

[Event "OLNN 1718 SV Bargteheide - Hamburger SK"]
[Site "?"]
[Date "2017.10.23"]
[Round "2.4"]
[White "zum Felde, Michael"]
[Black "Hinrichs, Lars"]
[Result "0-1"]
[WhiteElo "2151"]
[BlackElo "2215"]
[PlyCount "86"]
[EventDate "2017.??.??"]

1. c4 e5 2. Nc3 Nf6 3. Nf3 e4 4. Ng1 c6 5. d4 exd3 6. Qxd3 Na6 7. Nf3 Be7 8. e4
O-O 9. Be2 d5 10. cxd5 cxd5 11. Nxd5 Nxd5 12. exd5 Nb4 13. Qb3 Bf5 14. Nd4 Be4
15. O-O Bxd5 16. Qg3 Bf6 17. Bd2 Bxg2 18. Kxg2 Qxd4 19. Be3 Qxb2 20. Rab1 Qxe2
21. Rxb4 Qxa2 22. Rd1 a5 23. Rxb7 Qc2 24. Rdd7 Qe4+ 25. Qf3 Qxf3+ 26. Kxf3 a4
27. Rd2 a3 28. Ra2 Ra4 29. Ke2 h5 30. Kf1 g6 31. Bc5 Rfa8 32. Rb3 Bb2 33. Be7
f6 34. Bc5 g5 35. h3 Kf7 36. Kg2 Ke6 37. Rbxb2 axb2 38. Rxb2 Ra2 39. Rb6+ Kf5
40. Be3 R8a6 41. Rb8 R6a3 42. Rb5+ Kg6 43. Kf1 Rxe3 0-1

[Event "OLNN 1718 SV Bargteheide - Hamburger SK"]
[Site "?"]
[Date "2017.10.23"]
[Round "2.5"]
[White "Zieher, Hartmut"]
[Black "Porth, Hartmut"]
[Result "1-0"]
[WhiteElo "2222"]
[BlackElo "2121"]
[PlyCount "53"]
[EventDate "2017.??.??"]

1. e4 Nc6 2. Nf3 d6 3. d4 Nf6 4. Nc3 Bg4 5. Be3 e6 6. h3 Bh5 7. d5 exd5 8. exd5
Bxf3 9. Qxf3 Ne5 10. Qg3 a6 11. Bd4 Nh5 12. Qe3 Qf6 13. Be2 Nf4 14. Bf3 Be7 15.
O-O-O Qh6 16. Kb1 O-O 17. Bxe5 dxe5 18. Qxe5 Bd6 19. Qd4 f5 20. g3 Ng6 21. h4
Ne5 22. Be2 Nd7 23. f4 Bc5 24. Qd3 Rae8 25. d6 cxd6 26. Qd5+ Qe6 27. Qxe6+ 1-0

[Event "OLNN 1718 SV Bargteheide - Hamburger SK"]
[Site "?"]
[Date "2017.10.23"]
[Round "2.6"]
[White "Thanisch, Matthias"]
[Black "Bach, Matthias"]
[Result "0-1"]
[WhiteElo "2051"]
[BlackElo "2268"]
[PlyCount "96"]
[EventDate "2017.??.??"]

1. d4 Nf6 2. Nf3 g6 3. g3 Bg7 4. Bg2 O-O 5. c4 d6 6. Nc3 c6 7. O-O Qa5 8. e4
Qh5 9. e5 dxe5 10. Nxe5 Ng4 11. Nxg4 Bxg4 12. Qb3 Bxd4 13. Qxb7 Nd7 14. Bf4 e5
15. Be3 Rab8 16. Qxc6 Rb6 17. Qa4 Bxe3 18. fxe3 Rxb2 19. Rf2 Rxf2 20. Kxf2 Rb8
21. Kg1 Rb2 22. Qc6 Bh3 23. Bf3 Qf5 24. Qe4 Nc5 25. Qxf5 Bxf5 26. Bg2 Bd3 27.
Nb5 Bxc4 28. Nxa7 Rxa2 29. Rxa2 Bxa2 30. Nc6 f6 31. Kf2 Kf7 32. Nb4 Bc4 33.
Bd5+ Bxd5 34. Nxd5 Ne4+ 35. Ke2 Ke6 36. Nb4 Kf5 37. Kf3 Ng5+ 38. Kf2 Ke4 39.
Kg2 Nf3 40. h3 Nd2 41. Kf2 Nc4 42. Nc2 f5 43. Ke2 g5 44. Ne1 h6 45. Nc2 g4 46.
hxg4 fxg4 47. Kf2 Nd6 48. Na3 Kd3 0-1

[Event "OLNN 1718 SV Bargteheide - Hamburger SK"]
[Site "?"]
[Date "2017.10.23"]
[Round "2.8"]
[White "Brodmann, Anton"]
[Black "Elbracht, Michael"]
[Result "1-0"]
[WhiteElo "1956"]
[BlackElo "2019"]
[PlyCount "99"]
[EventDate "2017.??.??"]

1. e4 c5 2. Nc3 a6 3. a4 b6 4. Bc4 e6 5. d3 Bb7 6. Ba2 Nf6 7. Bg5 Be7 8. f4 h6
9. Bxf6 Bxf6 10. Nf3 Nc6 11. e5 Be7 12. Qe2 d5 13. O-O Nb4 14. Bb3 O-O 15. Nd1
d4 16. Nd2 Nd5 17. Ne4 Qd7 18. Rf3 Rae8 19. Ndf2 Kh8 20. Ng4 f5 21. exf6 Bxf6
22. Raf1 Ne7 23. Rh3 Ng8 24. Ng3 e5 25. f5 Bg5 26. Ne4 Bxe4 27. dxe4 Nf6 28.
Nxf6 Rxf6 29. Qxa6 Be3+ 30. Kh1 g6 31. Rhf3 g5 32. Be6 Qc7 33. g4 Kg7 34. Kg2
Rd8 35. Bd5 Rb8 36. Qb5 Rd8 37. Bc4 Qa7 38. Ra1 Qa5 39. Qxa5 bxa5 40. Kf1 Rb8
41. b3 Bd2 42. Ke2 Bb4 43. Kd3 Rh8 44. h4 Rff8 45. Rh3 h5 46. Rg1 hxg4 47. Rxg4
Rh5 48. Rxg5+ Rxg5 49. hxg5 Rh8 50. f6+ 1-0

[Event "OLNN 1718 SF Schwerin - Königsspringer"]
[Site "?"]
[Date "2017.10.23"]
[Round "2.1"]
[White "Pfreundt, Jakob"]
[Black "Danielsen, Henrik"]
[Result "1/2-1/2"]
[WhiteElo "2392"]
[BlackElo "2495"]
[PlyCount "107"]
[EventDate "2017.??.??"]

1. d4 d6 2. e4 Nf6 3. Nc3 e5 4. dxe5 dxe5 5. Qxd8+ Kxd8 6. Bc4 Ke8 7. Nf3 Bd6
8. Bg5 Nbd7 9. O-O-O a6 10. a4 h6 11. Bh4 b6 12. Ne1 Bb7 13. f3 Be7 14. Bg3 c6
15. Nd3 b5 16. Ba2 Bd6 17. Rd2 Ke7 18. Rhd1 Rhd8 19. Bf2 Ne8 20. Be3 f6 21. h4
Bc7 22. h5 Bb6 23. Bxb6 Nxb6 24. Nc5 Rxd2 25. Rxd2 Bc8 26. a5 Nd7 27. Nxd7 Bxd7
28. g4 Nd6 29. Nd1 b4 30. Ne3 Nb7 31. Nc4 Ra7 32. c3 bxc3 33. bxc3 Be6 34. Nb6
Nxa5 35. Bxe6 Kxe6 36. Ra2 Rb7 37. Rxa5 Rxb6 38. Kc2 Kd6 39. Kd3 Kc7 40. Ra1
Kb7 41. Kc4 Rb5 42. Rd1 Kc7 43. Rd2 a5 44. Rd1 Kb6 45. Rd8 a4 46. Ra8 Ra5 47.
Rb8+ Kc7 48. Rb2 a3 49. Ra2 Kb6 50. Kb3 Rb5+ 51. Kc4 Ra5 52. Kb4 Rb5+ 53. Kc4
Ra5 54. Kb4 1/2-1/2

[Event "OLNN 1718 SF Schwerin - Königsspringer"]
[Site "?"]
[Date "2017.10.23"]
[Round "2.2"]
[White "Schulz, Karsten"]
[Black "Zimmermann, Julian"]
[Result "1/2-1/2"]
[WhiteElo "2281"]
[BlackElo "2312"]
[PlyCount "22"]
[EventDate "2017.??.??"]

1. Nf3 Nf6 2. g3 b6 3. Bg2 Bb7 4. c4 g6 5. b3 Bg7 6. Bb2 O-O 7. O-O e6 8. d4 d6
9. Nc3 Ne4 10. Qc2 Nxc3 11. Bxc3 Nd7 1/2-1/2

[Event "OLNN 1718 SF Schwerin - Königsspringer"]
[Site "?"]
[Date "2017.10.23"]
[Round "2.3"]
[White "Rosmann, Ilja"]
[Black "Wolf, Christoph"]
[Result "1-0"]
[WhiteElo "2291"]
[BlackElo "2195"]
[PlyCount "69"]
[EventDate "2017.??.??"]

1. e4 e6 2. d3 d5 3. Nd2 Nf6 4. Ngf3 c5 5. g3 Nc6 6. Bg2 Be7 7. O-O b6 8. Re1
Bb7 9. exd5 exd5 10. d4 O-O 11. Nb3 c4 12. Nbd2 Re8 13. c3 Bd6 14. Rxe8+ Qxe8
15. Nh4 Qd7 16. Nf1 Re8 17. Ne3 Bf8 18. b3 b5 19. bxc4 dxc4 20. Rb1 Nd8 21. d5
Bc5 22. Nhf5 Re5 23. Nd4 a6 24. Ndc2 Nxd5 25. Nxd5 Rxd5 26. Bxd5 Bxd5 27. Be3
Be7 28. Bb6 Ne6 29. Ne3 Bc6 30. Qxd7 Bxd7 31. Nd5 Ba3 32. Ba5 Nc5 33. Ne3 f6
34. Nc2 Bf5 35. Nxa3 1-0

[Event "OLNN 1718 SF Schwerin - Königsspringer"]
[Site "?"]
[Date "2017.10.23"]
[Round "2.4"]
[White "Reichmann, Hendrik"]
[Black "Dettmann, Steffen"]
[Result "1/2-1/2"]
[WhiteElo "2336"]
[BlackElo "2194"]
[PlyCount "132"]
[EventDate "2017.??.??"]

1. d4 d5 2. Bf4 Nf6 3. e3 e6 4. Nf3 Be7 5. Ne5 Nbd7 6. Nd2 Nxe5 7. Bxe5 O-O 8.
Bd3 Bd6 9. f4 Qe7 10. O-O Ne8 11. Bxd6 Nxd6 12. Nf3 f6 13. Qe1 Bd7 14. Qh4 g6
15. a4 Rf7 16. g4 Raf8 17. g5 f5 18. Qe1 Rg7 19. Qb4 Bc6 20. Ne5 Nc8 21. Qc3
Qd6 22. b4 Be8 23. Rfb1 h6 24. h4 hxg5 25. hxg5 Rh7 26. Kg2 Kg7 27. Rh1 Rxh1
28. Rxh1 Rh8 29. Rxh8 Kxh8 30. Bb5 c6 31. Be2 Kg7 32. b5 Ne7 33. Qa5 Nc8 34.
bxc6 Bxc6 35. Qe1 Ne7 36. Qa5 a6 37. Qb6 Nc8 38. Qb1 Ne7 39. Qb6 Nc8 40. Qb3
Ne7 41. a5 Qc7 42. Qc3 Qd6 43. Kf2 Be8 44. Qc5 Qxc5 45. dxc5 Nc6 46. Nxc6 Bxc6
47. Ke1 Kf7 48. Kd2 e5 49. c4 d4 50. exd4 exd4 51. Kd3 Ke6 52. Kxd4 Bg2 53. Bd1
Bc6 54. Bb3 Ke7 55. Ke5 Bf3 56. c6 Bxc6 57. c5 Be8 58. Be6 Bc6 59. Bxf5 gxf5
60. Kxf5 Ba4 61. Ke5 Kf7 62. f5 Bb3 63. Kd6 Bc2 64. Ke5 Bb3 65. Kd6 Bc2 66. Ke5
Bb3 1/2-1/2

[Event "OLNN 1718 SF Schwerin - Königsspringer"]
[Site "?"]
[Date "2017.10.23"]
[Round "2.5"]
[White "Borgmeyer, Max"]
[Black "Grahl, Arvid"]
[Result "1/2-1/2"]
[WhiteElo "2205"]
[BlackElo "2199"]
[PlyCount "139"]
[EventDate "2017.??.??"]

1. e4 d6 2. d4 Nf6 3. Nc3 g6 4. Be3 Bg7 5. f3 O-O 6. Qd2 e5 7. Nge2 exd4 8.
Nxd4 d5 9. Nb3 dxe4 10. fxe4 Qxd2+ 11. Bxd2 Re8 12. Bd3 Nc6 13. O-O-O Bg4 14.
Rde1 Ne5 15. Bb5 c6 16. h3 Be6 17. Be2 b5 18. Nc5 Bc4 19. Bg5 h6 20. Bh4 Rad8
21. Rhf1 g5 22. Bg3 Bxe2 23. Rxe2 Nc4 24. Bc7 Rc8 25. Bh2 Rcd8 26. Nd3 a5 27.
b3 Nb6 28. Bc7 Ra8 29. Bxb6 Nh5 30. Nd1 Ng3 31. Rfe1 Nxe2+ 32. Rxe2 a4 33. b4
Rab8 34. Bc5 Rbd8 35. g4 Re6 36. N3f2 Be5 37. c3 Kg7 38. Kc2 Kg6 39. Ne3 h5 40.
Nf5 hxg4 41. Nxg4 f6 42. Nxe5+ fxe5 43. Rg2 Rh8 44. h4 Rh5 45. Be7 Rxe7 46.
Nxe7+ Kf6 47. Nf5 gxh4 48. Kd3 h3 49. Rh2 Kg5 50. Ke3 Kg4 51. Rh1 h2 52. Kf2
Kf4 53. Kg2 Rg5+ 54. Kxh2 Rh5+ 55. Kg2 Rxh1 56. Kxh1 Kxe4 57. Ne7 Kd3 58. Kg2
e4 59. Nxc6 Kxc3 60. Kf2 Kb2 61. Nd4 Kxa2 62. Ke2 Ka3 63. Nxb5+ Kxb4 64. Nd4
Kc4 65. Ke3 a3 66. Kxe4 a2 67. Nc2 Kc3 68. Na1 Kb2 69. Kd3 Kxa1 70. Kc2 1/2-1/2

[Event "OLNN 1718 SF Schwerin - Königsspringer"]
[Site "?"]
[Date "2017.10.23"]
[Round "2.6"]
[White "Westphal, Wolfgang"]
[Black "Harder, Clemens"]
[Result "1/2-1/2"]
[WhiteElo "2174"]
[BlackElo "2174"]
[PlyCount "59"]
[EventDate "2017.??.??"]

1. e4 e5 2. Nf3 Nc6 3. Nc3 Nf6 4. d4 exd4 5. Nxd4 Bb4 6. Nxc6 bxc6 7. Bd3 d5 8.
exd5 cxd5 9. O-O O-O 10. h3 Re8 11. Qf3 c6 12. Bg5 Qd6 13. Rad1 Nd7 14. Bf4 Qf6
15. Qg3 h6 16. Ne2 Nc5 17. Nc1 Ne4 18. Bxe4 Rxe4 19. Nd3 Ba6 20. Be5 Qg5 21.
Bd6 Qxg3 22. Bxg3 Bxd3 23. Rxd3 Re2 24. Rb3 Ba5 25. Rc1 Rae8 26. Rb8 Rxb8 27.
Bxb8 Bb6 28. Bg3 f5 29. Kf1 Re4 30. f3 1/2-1/2